[Event "FIDE Zone 3.4 Men-ch 2017"]
[Site "Tashkent"]
[Date "2017.06.19"]
[Round "4.6"]
[White "Odeev, Handszar"]
[Black "Shermuhammadov, Samandar"]
[Result "1-0"]
[WhiteElo "2405"]
[BlackElo "1998"]
[Annotator "TA"]
[PlyCount "67"]
[EventDate "2017.??.??"]
[EventType "swiss"]
[EventCountry "UZB"]
[SourceTitle "playchess.com"]
[Source "ChessBase"]
[SourceQuality "1"]

{[%evp 15,67,-2,18,-6,62,0,64,67,87,60,61,60,63,63,64,66,62,62,72,47,47,49,102,97,171,145,154,151,130,151,172,138,153,143,108,125,287,252,375,358,484,474,29984,29985,29986,29987,29987,29988,29988,29989,29989,29990,29992,29993]} 1. e4 g6 2. d4 Bg7 3. Nc3 d6 4. Be3 Nf6 5. Qd2 O-O 6. h3 a6 {B07: Pirc Defence: Miscellaneous Systems} 7. Bd3 Nbd7 8. Nf3 c5 {LiveBook: 4 Games. The position is equal.} 9. a4 (9. Bh6 cxd4 10. Nxd4 Qb6 11. Nb3 Ne5 12. Bxg7 Kxg7 13. f4 Nxd3+ 14. Qxd3 {½-½ (52) Potapov,P (2493)-Vitiugov,N (2721) Sochi 2016}) 9... b6 ({Better is} 9... cxd4 $11 10. Bxd4 b6) 10. O-O ({White should try} 10. d5 $1 $14) 10... Bb7 (10... cxd4 $11 11. Nxd4 Nc5) 11. d5 $146 ({Predecessor:} 11. Bh6 Qc7 12. Bxg7 Kxg7 13. Rfe1 cxd4 14. Nxd4 Ne5 {1-0 (55) Chiang,S-Rakic,T Kemer 2007}) 11... Ne8 12. Bh6 Ne5 13. Nxe5 dxe5 14. Bxg7 Kxg7 15. Nd1 {[%cal Bc3d1,Bd1e3,Be3g4][%mdl 32]} Nd6 16. Ne3 e6 17. c4 exd5 18. cxd5 Qh4 (18... f5 $14) 19. f4 $16 f6 (19... Rae8 $16 {was worth a try.}) 20. fxe5 $18 fxe5 21. Ng4 Qe7 22. Qc3 Rae8 23. Rxf8 ({Don't take} 23. Qd2 $6 Bc8 $14) 23... Kxf8 24. Rf1+ Kg7 25. Qd2 {Strongly threatening Qh6+.} Nf7 $2 {[#]} (25... Kh8 $16) 26. Bc4 $1 Kh8 (26... Nd6 $142) 27. Rf6 Rd8 28. Qc3 Kg7 {[#]} (28... Nd6 $18 29. Re6 (29. Qxe5 Qxe5 30. Nxe5 Kg7 $16) 29... Qg7 30. Nxe5 Kg8) 29. Rxf7+ $1 {[%mdl 512] White mates.} Qxf7 30. Qxe5+ Kf8 31. d6 Qg7 32. Qf4+ Ke8 33. Nf6+ Kf8 34. Nh5+ {Precision: White = 82%, Black = 40%.} 1-0

[Event "FIDE Zone 3.4 Men-ch 2017"]
[Site "Tashkent"]
[Date "2017.06.19"]
[Round "4.7"]
[White "Sindarov, Javokhir"]
[Black "Atabayev, Yusup"]
[Result "0-1"]
[WhiteElo "2385"]
[BlackElo "2454"]
[Annotator "TA"]
[PlyCount "108"]
[EventDate "2017.??.??"]
[EventType "swiss"]
[EventCountry "UZB"]
[SourceTitle "playchess.com"]
[Source "ChessBase"]
[SourceQuality "1"]

{[%evp 11,108,22,29,-34,28,-4,-5,-20,-22,-26,-22,-43,-18,-21,0,-42,-7,-12,25,-4,0,-16,7,-35,-38,-97,-67,-37,-4,0,18,15,22,24,31,0,-24,-29,-32,-25,-9,-151,-162,-117,-138,-244,-244,-284,-265,-881,-163,-161,-164,-180,-176,-175,-152,-164,-159,-170,-31,0,0,0,0,-667,-646,-734,-725,-714,-689,-691,-686,-904,-640,-900,-890,-888,-841,-850,-826,-922,-898,-852,-839,-1136,-1127,-1080,-1089,-1079,-1061,-852,-843,-29938,-3275,-9999,-8989,-29978,-29979]} 1. e4 c5 2. Nc3 a6 3. g3 b5 4. Bg2 Bb7 5. Nge2 e6 6. O-O Nf6 {LiveBook: 66 Games} 7. Re1 {B23: Closed Sicilian: Lines without g3} (7. d3 $11) (7. d4 cxd4 8. Nxd4 b4 9. Na4 Bxe4 10. Bxe4 Nxe4 11. Re1 d5 12. c4 bxc3 13. Nxc3 Be7 14. Nxe4 dxe4 15. Rxe4 O-O 16. Qb3 Bf6 17. Be3 {1-0 (56) Jones,G (2635)-Firouzja,A (2463) Baku 2016}) 7... d6 ({Black should play} 7... b4 $1 $15 8. e5 Bxg2 9. Kxg2 bxc3 10. exf6 Qxf6 11. dxc3 Be7) 8. d3 Qc7 9. h3 {The position is equal.} Be7 10. g4 O-O $146 ({Predecessor:} 10... h6 11. Ng3 Nc6 12. Nce2 O-O 13. f4 Nd7 {0-1 (36) Skacel,J (2093)-Rehorek,M (2254) Plzen 2003}) 11. Ng3 b4 12. Nce2 Nc6 13. f4 Nd7 14. g5 Rfe8 15. Be3 Bf8 (15... d5 $5) 16. c3 d5 17. Bf2 dxe4 18. dxe4 (18. Nxe4 $15 bxc3 19. bxc3) 18... e5 19. f5 a5 20. Nf1 Red8 21. Ne3 Nb6 22. Qc2 ({Reject} 22. Nd5 Nxd5 23. exd5 Ne7 $15) 22... c4 23. Rad1 ({White should try} 23. f6 $14) 23... a4 $11 24. Nd5 Nxd5 25. exd5 b3 $36 {[%mdl 2048] White is under pressure.} 26. Qc1 (26. Qe4 $11 Ne7 27. axb3 Rxd5 28. Qxc4 Qxc4 29. bxc4 Rxd1 30. Rxd1 Bxg2 31. Kxg2) 26... Ne7 $1 $17 27. axb3 axb3 28. Qb1 (28. f6 $17 {might work better.} Nxd5 29. Kh2) 28... Nxd5 $19 29. Qe4 Ra2 30. Nc1 $2 (30. Qb1) 30... Nxc3 $2 (30... Rxb2 31. Qxe5 Rxf2 32. Qxc7 Rxg2+ $1 {[%mdl 512]} 33. Kxg2 Nxc7+ 34. Kf2 b2) 31. Qxb7 Qxb7 32. Rxd8 Qe7 33. Nxa2 {Threatens to win with Rxf8+!} Qxd8 (33... Nxa2 34. Rc8 $15) 34. Nxc3 Qxg5 35. Rd1 {[#]} h5 ({Don't take} 35... Qxf5 36. Rd8 $15) (35... h6 $1 $19 36. Ne4 Qxf5) 36. h4 $1 $15 {[%cal Rh4g5]} Qf4 (36... Qxf5 $5 37. Rd8 $8 Qf4 $11) 37. Rd8 Qc1+ 38. Kh2 $2 {[%mdl 8192]} (38. Bf1 $11) 38... Qxb2 $19 39. Ne4 Qc1 40. Bc5 Qf4+ 41. Kg1 b2 ({Stronger than} 41... Qc1+ 42. Bf1 $11) 42. Rxf8+ Kh7 43. Ng5+ {[#]} Qxg5 $1 {[%mdl 512]} 44. hxg5 b1=Q+ 45. Kh2 Qxf5 46. Bb4 Qf4+ 47. Kh1 c3 48. Bxc3 Qc1+ 49. Kh2 Qxc3 50. Be4+ g6 51. Rxf7+ Kh8 52. Bxg6 Qd2+ 53. Kh3 Qxg5 54. Bd3 Qe3+ {Precision: White = 20%, Black = 55%.} 0-1

[Event "FIDE Zone 3.4 Men-ch 2017"]
[Site "Tashkent"]
[Date "2017.06.20"]
[Round "5.1"]
[White "Esenov, Annaberdi"]
[Black "Kostenko, Petr"]
[Result "1/2-1/2"]
[WhiteElo "2325"]
[BlackElo "2438"]
[Annotator "TA"]
[PlyCount "125"]
[EventDate "2017.??.??"]
[EventType "swiss"]
[EventCountry "UZB"]
[SourceTitle "playchess.com"]
[Source "ChessBase"]
[SourceQuality "1"]

{[%evp 17,125,12,13,15,9,9,6,8,8,0,2,0,4,6,11,8,26,30,40,10,47,31,64,0,8,-76,-47,-65,-65,-65,-55,-64,-55,-58,-60,-102,-70,-78,0,-6,-31,-29,0,0,0,0,0,-29,-29,-109,-89,-93,-91,-108,-70,-70,-70,-80,-64,-89,-21,-48,0,-8,0,-56,-23,-93,0,0,-4,-28,0,0,-8,-14,34,25,154,154,146,150,154,141,154,142,143,144,178,10,16,16,19,13,16,0,21,0,0,0,0,0,0,0,0,0,0,0,0,-29986]} 1. e4 e6 2. d4 d5 3. e5 c5 4. c3 Nc6 5. Nf3 Qb6 6. a3 Bd7 7. b4 cxd4 8. cxd4 Rc8 9. Bb2 Nge7 10. Nc3 {[%cal Bb1c3,Bc3a4,Ba4c5][%mdl 32] C02: French: Advance Variation} Na5 11. Na4 Qc6 12. Nc5 Nc4 13. Bc3 $146 ({Predecessor:} 13. Bc1 b6 14. Nxd7 Qxd7 15. Bd3 Nc6 16. O-O b5 17. h4 h6 {0-1 (38) Hendriks,W (2417)-L'Ami,E (2640) Dieren 2013}) 13... b6 14. Nxd7 Qxd7 15. Bd3 b5 16. O-O a6 17. Qe2 h6 18. h4 Qb7 19. Rfc1 Nc6 {[%cal Be7c6,Bc6d4,Bd4b3][%mdl 32]} 20. Bd2 (20. Nd2 $14) 20... Be7 21. Bb1 (21. h5 $11) 21... Qb6 22. Qd3 {[#]} Bxh4 $1 {[%mdl 512]} 23. Nxh4 {Hoping for Nf3.} Qxd4 24. Qxd4 Nxd4 25. Bd3 Nb3 26. Bxc4 dxc4 (26... bxc4 {seems wilder.} 27. Nf3 d4 28. Kf1 Nxa1 29. Nxd4 Rd8) 27. Bc3 O-O (27... Rd8 $17 28. Nf3 Nxa1 29. Rxa1 Rd3) 28. Rab1 Nxc1 29. Rxc1 Rfd8 30. Kf1 g5 31. Nf3 Kh7 32. Nd4 Rd5 33. Re1 (33. Nf3 $11 {remains equal.}) 33... Kg6 34. Re4 h5 35. g3 g4 36. Kg2 Re8 37. f3 gxf3+ 38. Kxf3 Red8 ({Black should play} 38... f6 $17 39. exf6 e5) 39. Kf2 Kg5 40. Rf4 Kg6 41. Re4 Kg7 42. Kf3 (42. Rf4 $11) 42... Rh8 ({Black should try} 42... Kh7 $17) 43. Rh4 $11 Rh6 44. Rh3 (44. Ke4 $5 {[%cal Rd4f5]}) 44... Kg8 (44... h4 $5 45. gxh4 Rg6 $11) 45. Ke4 {And now Nf5! would win.} Rg6 {Strongly threatening ...Rg4+.} 46. Bd2 $1 f5+ (46... h4 $5 47. Rxh4 Rxg3 $17) 47. exf6 $1 Rg4+ (47... Kf7 $11) 48. Bf4 $16 Kf7 {[#]} 49. Nc2 $1 Rg8 50. Ne3 Rd3 51. Rxh5 {Threatens to win with Ke5.} Kxf6 {[#]} 52. a4 $1 {[%mdl 512]} bxa4 {[#]} 53. Nxc4 $2 (53. Ra5 $1 $18) 53... Rb3 $11 {The position is equal.} 54. Rh6+ Rg6 {aiming for ...Rxh6.} 55. Be5+ Kg5 56. Rh4 (56. Rh1 $5 {[%cal Re5d6]}) 56... Rxb4 (56... a3 $5 {[%cal Ra3a2]}) 57. Kf3 (57. Kd3 $5 {[%cal Re5c3]}) 57... a3 58. Rg4+ Kh6 59. Rh4+ Kg5 60. Rg4+ Kh6 61. Rh4+ Kg5 62. Rg4+ Kh6 63. Ke4 $2 {[%mdl 40960] Precision: White = 45%, Black = 41%. . An unexpected result.} (63. Rh4+ $11 Kg5) 1/2-1/2

[Event "FIDE Zone 3.4 Men-ch 2017"]
[Site "Tashkent"]
[Date "2017.06.20"]
[Round "5.2"]
[White "Markov, Mikhail"]
[Black "Atabayev, Maksat"]
[Result "1/2-1/2"]
[WhiteElo "2413"]
[BlackElo "2498"]
[Annotator "TA"]
[PlyCount "77"]
[EventDate "2017.??.??"]
[EventType "swiss"]
[EventCountry "UZB"]
[SourceTitle "playchess.com"]
[Source "ChessBase"]
[SourceQuality "1"]

{[%evp 10,77,39,16,42,6,11,6,8,11,10,9,14,0,48,44,57,37,41,35,35,-5,-5,-5,-5,-5,-9,-6,-10,-9,-4,-26,-27,-9,-10,-3,0,0,0,0,0,-16,-16,-17,0,0,0,0,0,0,0,0,6,6,8,0,0,0,0,0,0,-8,0,0,0,0,0,0,0,0]} 1. d4 Nf6 2. Bf4 e6 3. e3 b6 4. Bd3 Bb7 5. Nf3 g6 (5... c5 6. O-O Be7 7. Nbd2 Nh5 8. c3 h6 9. Re1 Nc6 10. Rc1 O-O 11. Bb1 Rc8 12. Ne4 Nxf4 13. exf4 cxd4 14. Nxd4 Nxd4 15. Qxd4 {0-1 (50) Karjakin,S (2783)-Meier,G (2630) chess.com INT 2017}) 6. Nbd2 {LiveBook: 12 Games. A47: 1 d4 Nf6 2 Nf3 b6: Torre, London and Colle Systems} d5 7. h4 $146 (7. O-O {looks sharper.} Nbd7 8. c4 Be7 9. Rc1 c5 10. cxd5 exd5 11. Re1) ({Predecessor:} 7. c4 Bg7 8. Qa4+ c6 9. e4 O-O 10. e5 Nh5 11. Bg5 f6 12. exf6 Bxf6 13. Be3 {½-½ (64) Belouadah,S (2330)-Saim,M (2088) Algiers 2015}) 7... Nbd7 8. Ne5 Nxe5 9. Bxe5 Bd6 10. Nf3 Qe7 11. Qe2 O-O-O 12. Ba6 Rhf8 13. Bxf6 Qxf6 14. a4 c6 15. e4 (15. Kf1 {feels hotter.} h6 16. g3 g5 17. Kg2 g4 18. Nd2) 15... dxe4 16. Bxb7+ Kxb7 17. Qxe4 Qf5 18. Qxf5 gxf5 19. g3 Rg8 20. Rd1 f4 21. gxf4 Bxf4 {The position is equal.} 22. Ke2 h5 23. Rhg1 f6 24. Rxg8 Rxg8 25. Rg1 Rxg1 26. Nxg1 $11 {[%mdl 4096] Endgame KB-KN} b5 27. Kd3 Bd6 28. Ne2 f5 29. Ng3 Be7 30. Nxh5 Bxh4 31. Ng7 Bxf2 32. axb5 cxb5 33. Nxe6 a5 34. Ng7 f4 {[%cal Bf5f4,Bf4f3,Bf3f2][%mdl 32]} 35. Ne6 f3 36. c3 Be1 37. Ng5 f2 38. Ke2 a4 39. Nf3 {Precision: White = 64%, Black = 74%.} 1/2-1/2

[Event "FIDE Zone 3.4 Men-ch 2017"]
[Site "Tashkent"]
[Date "2017.06.20"]
[Round "5.3"]
[White "Odeev, Handszar"]
[Black "Khusenkhojaev, Muhammad"]
[Result "0-1"]
[WhiteElo "2405"]
[BlackElo "2424"]
[Annotator "TA"]
[PlyCount "149"]
[EventDate "2017.??.??"]
[EventType "swiss"]
[EventCountry "UZB"]
[SourceTitle "playchess.com"]
[Source "ChessBase"]
[SourceQuality "1"]

{[%evp 16,149,0,4,16,19,19,8,19,16,28,20,27,14,14,0,4,0,0,0,1,0,0,0,0,-11,-13,-9,0,-1,-2,-10,-1,-44,-43,-43,-43,-48,-50,-45,-53,-43,-44,-55,-49,-62,-63,-70,-65,-68,-66,-74,-64,-66,-70,-70,-69,-82,-66,-77,-71,-70,-70,-69,-69,-76,-81,-83,-82,-92,-92,-92,-92,-92,-92,-92,-91,-100,-91,-134,-133,-139,-133,-133,-132,-146,-143,-143,-139,-139,-131,-139,-132,-143,-142,-144,-142,-158,-141,-139,-135,-168,-156,-156,-156,-260,-260,-264,-267,-269,-269,-269,-263,-263,-256,-256,-256,-256,-248,-248,-229,-324,-324,-319,-308,-366,-358,-418,-418,-412,-412,-411,-406,-446,-432,-415]} 1. e4 e5 2. Nf3 Nc6 3. d4 exd4 4. Nxd4 Bc5 5. Be3 Qf6 6. c3 Nge7 7. Bb5 Bb6 {C45: Scotch Game} 8. O-O O-O 9. a4 {[%cal Ba2a4,Ba4a5][%mdl 32] LiveBook: 4 Games} d5 $146 {The position is equal.} ({Predecessor:} 9... a5 10. Nc2 Bxe3 11. Nxe3 d6 12. f4 Qh6 13. Nd2 f5 14. exf5 Bxf5 15. Nxf5 Nxf5 {1-0 (35) Najer,E (2659)-Inarkiev,E (2723) Moscow 2017}) 10. Bxc6 bxc6 11. a5 Bc5 (11... Bxd4 $5 12. Bxd4 Qg6 $11) 12. Nd2 Bd6 13. Qh5 Bd7 14. Rad1 Rfe8 15. Rfe1 Qg6 16. Qxg6 Nxg6 17. exd5 cxd5 18. b4 c5 19. bxc5 Bxc5 20. c4 Bb4 21. cxd5 Bxa5 22. N4b3 Bc3 23. Bd4 Bxd2 24. Nxd2 Nf4 {Strongly threatening ...Ne2+.} 25. Rxe8+ Bxe8 26. Nc4 Ba4 27. Rd2 Rc8 28. g3 Nxd5 29. Ne3 Nxe3 30. fxe3 $15 {[%mdl 4096] Endgame KRB-KRB} a6 31. Bb6 Rc1+ 32. Kf2 {[#] White wants to mate with Rd8+.} h6 33. e4 Rc3 34. Ba5 Ra3 35. Bb4 Rb3 36. Rd4 Bc6 37. Bd2 Ra3 38. Rc4 Bd7 39. Rc7 Bg4 40. Rc3 Ra2 41. Ke3 a5 {[%cal Ba6a5,Ba5a4][%mdl 32]} 42. h4 a4 43. Bc1 Rg2 44. Kf4 Bd1 45. Rd3 Bb3 46. Ba3 Rh2 47. e5 Kh7 48. Be7 Rf2+ 49. Rf3 Rc2 50. Rd3 Rc7 51. Bf8 Rc8 52. Be7 Rc4+ 53. Kf3 Bc2 54. Rd2 Bf5 {And now ...Rc3+ would win.} 55. Ra2 Kg6 56. Bf8 Bc2 57. Ra1 Rc8 58. h5+ Kh7 59. Bd6 Rc4 60. g4 (60. Ke3 $17) 60... Be4+ $19 61. Kg3 {[#]} Bd5 $1 62. Kh4 Be6 63. Rg1 g5+ 64. Kh3 Rd4 65. Be7 Re4 66. Bd6 Kg7 67. Rg3 Re1 68. Kg2 (68. Ra3 {keeps fighting.} Re4 69. Rg3) 68... Bd5+ 69. Kf2 Re4 70. Re3 {If only White now had time for Rxe4....} Rxg4 71. Be7 Rg2+ 72. Kf1 Rh2 73. Bf6+ Kh7 74. Rc3 Rxh5 75. Ke1 {Precision: White = 52%, Black = 83%.} 0-1

[Event "FIDE Zone 3.4 Men-ch 2017"]
[Site "Tashkent"]
[Date "2017.06.20"]
[Round "5.4"]
[White "Atabayev, Saparmyrat"]
[Black "Vakhidov, Jahongir"]
[Result "0-1"]
[WhiteElo "2436"]
[BlackElo "2519"]
[Annotator "TA"]
[PlyCount "88"]
[EventDate "2017.??.??"]
[EventType "swiss"]
[EventCountry "UZB"]
[SourceTitle "playchess.com"]
[Source "ChessBase"]
[SourceQuality "1"]

{[%evp 15,88,0,-1,-5,32,31,29,30,29,18,44,37,34,18,22,17,21,22,16,23,20,-86,6,0,0,-9,0,0,0,-108,-109,-109,-112,-135,-136,-136,-137,-226,-222,-239,-248,-263,-270,-272,-267,-256,-268,-248,-255,-255,-252,-280,-274,-281,-263,-262,-242,-306,-270,-327,-325,-443,-458,-442,-404,-485,-475,-757,-746,-718,-726,-757,-752,-642,-628]} 1. e4 c5 2. Nf3 g6 3. g3 Bg7 4. Bg2 Nc6 5. O-O Nf6 6. d3 d5 7. Nbd2 O-O 8. c3 dxe4 {LiveBook: 54 Games. A08: King's Indian Attack} (8... e5 9. a4 b6 10. exd5 Nxd5 11. Nc4 f6 12. Re1 Be6 13. Nfd2 Qd7 14. Ne4 Rfd8 15. Qe2 Kh8 16. a5 Rab8 17. axb6 axb6 {1-0 (44) Caruana,F (2791)-Le,Q (2712) Dubai 2014}) 9. Nxe4 b6 10. Nxf6+ Bxf6 {White is slightly better.} 11. Bh6 Re8 $146 ({Predecessor:} 11... Bg7 12. Bxg7 Kxg7 13. Ne5 Nxe5 14. Bxa8 Bg4 15. f3 Bh3 16. Re1 Nxd3 {1-0 (80) Kirchei,V (1814)-Martynyuk,E (2165) Moscow 2017}) 12. d4 {Strongly threatening Ne5.} Ba6 13. Re1 {aiming for Ne5.} cxd4 14. Qa4 Bb7 $1 15. Nxd4 Na5 $1 16. Bxb7 Nxb7 17. Rad1 Qc8 18. Qc6 (18. Nc2 $11) 18... Nd6 (18... Bxd4 $1 $17 19. Qxc8 Bxf2+ 20. Kxf2 Raxc8) 19. Qxc8 Raxc8 20. Bc1 b5 21. Nb3 Nc4 22. Rd7 (22. Rd5 $11 {remains equal.}) 22... Ne5 $17 23. Rxe5 Bxe5 24. Rxa7 Ra8 $36 {[%mdl 2048] White is under strong pressure.} 25. Rb7 Rab8 26. Rd7 {[#]} (26. Rxb8 $17 Rxb8 27. a3) 26... b4 $1 $19 27. c4 Ra8 28. Nc5 Red8 ({But not} 28... Rxa2 29. Nd3 $17) 29. Rxd8+ Rxd8 {[%mdl 4096] Endgame KRB-KBN} 30. Kg2 Rc8 31. Nd3 Rxc4 32. b3 Re4 33. Be3 Bd6 34. Kf3 f5 35. Ke2 g5 36. Kf3 h6 {[%cal Bh7h6,Bh6h5][%mdl 32]} 37. h3 Kf7 38. Bb6 h5 39. Be3 Kg6 40. Kg2 h4 {Black is clearly winning.} 41. Kf3 (41. gxh4 $142 Rxh4 42. Bb6) 41... hxg3 42. fxg3 {[#]} Bxg3 $1 {[%mdl 512]} 43. Nc5 (43. Kxg3 Rxe3+) 43... g4+ 44. hxg4 Rxg4 {Precision: White = 47%, Black = 78%.} 0-1

[Event "FIDE Zone 3.4 Men-ch 2017"]
[Site "Tashkent"]
[Date "2017.06.20"]
[Round "5.5"]
[White "Abdusattorov, Nodirbek"]
[Black "Jumanov, Elbek"]
[Result "1-0"]
[WhiteElo "2462"]
[BlackElo "2230"]
[Annotator "TA"]
[PlyCount "79"]
[EventDate "2017.??.??"]
[EventType "swiss"]
[EventCountry "UZB"]
[SourceTitle "playchess.com"]
[Source "ChessBase"]
[SourceQuality "1"]

{[%evp 15,79,31,60,22,19,27,66,25,67,62,69,67,67,57,63,66,121,116,116,114,184,112,173,170,140,58,123,120,181,185,172,169,159,128,191,181,172,172,156,145,291,289,358,272,269,279,576,530,889,566,610,599,656,626,645,628,847,560,626,611,1079,1064,1314,1267,29997,29998]} 1. d4 Nf6 2. Bg5 Ne4 3. Bf4 c5 4. f3 Qa5+ 5. c3 Nf6 6. d5 Qb6 7. Bc1 d6 {A45: Trompowsky Attack} 8. e4 g6 {LiveBook: 28 Games} 9. Bd3 (9. c4 Bg7 10. Ne2 O-O 11. Nec3 e6 12. Be2 exd5 13. cxd5 Nbd7 14. Na3 Qd8 15. Bg5 {1-0 (37) Andreikin,D (2723)-Kantans,T (2473) Minsk 2017}) 9... Bg7 {The position is equal.} 10. Ne2 Na6 $146 ({Predecessor:} 10... O-O 11. Na3 e6 12. dxe6 fxe6 13. Qb3 Qd8 14. Be3 Nc6 15. O-O {½-½ (32) Lugovskoy,M (2400)-Menezes,C (2308) Batumi 2014}) 11. a3 Qd8 12. c4 O-O 13. Nbc3 Nc7 14. Bg5 h6 15. Be3 e5 (15... e6 $14) 16. Qd2 Kh7 17. h4 Rb8 (17... h5 $16 {was called for.} 18. Bg5 Qe8) 18. Kf2 ({White should play} 18. h5 $18) 18... a6 (18... h5 $16 19. Bg5 b6) 19. b4 $18 Nd7 20. Rab1 (20. h5 $16 g5 21. Rab1) 20... f5 (20... h5 $1 $14) 21. g3 {aiming for h5.} f4 (21... cxb4 $16 22. axb4 f4) 22. gxf4 exf4 23. Nxf4 ({Don't play} 23. Bxf4 $6 cxb4 24. axb4 Ne5 $16) 23... Ne5 24. Be2 $36 {[%mdl 2048] Keeping Black busy.} Bf6 (24... cxb4 $16 25. axb4 Bd7) 25. Kg2 Bxh4 {[#]} 26. Nh3 $1 {[%cal Rh3g5,Bf4h3,Bh3f2,Bf2g4][%mdl 32]} cxb4 27. axb4 Nf7 (27... Bxh3+ $16 {was worth a try.} 28. Rxh3 g5) 28. f4 Bf6 29. Bd3 Bg7 30. Rbg1 Bg4 $2 (30... b5) 31. Nf2 Qf6 32. Nxg4 Qxc3 33. Qxc3 Bxc3 {[#]} 34. e5 $1 {[%mdl 512]} dxe5 35. f5 {[%cal Bf4f5,Bf5f6][%mdl 32]} g5 36. f6+ Kg8 {[#]} 37. Bxg5 $1 {[%mdl 512]} e4 (37... Nxg5 38. Nxh6+) 38. Bxh6 exd3 39. Kf3 {Threatening mate with Ne5+.} Nh8 40. Ne5+ {Precision: White = 68%, Black = 26%.} 1-0

[Event "FIDE Zone 3.4 Men-ch 2017"]
[Site "Tashkent"]
[Date "2017.06.20"]
[Round "5.6"]
[White "Atabayev, Yusup"]
[Black "Kakabaev, Mergen"]
[Result "0-1"]
[WhiteElo "2454"]
[BlackElo "2348"]
[Annotator "TA"]
[PlyCount "78"]
[EventDate "2017.??.??"]
[EventType "swiss"]
[EventCountry "UZB"]
[SourceTitle "playchess.com"]
[Source "ChessBase"]
[SourceQuality "1"]

{[%evp 14,78,10,5,4,-10,54,53,56,50,50,43,45,31,65,63,67,51,44,31,39,37,36,36,36,29,30,29,38,25,30,31,30,0,0,0,0,0,0,0,26,8,13,-14,0,-150,0,-123,-164,-400,-379,-382,-387,-364,-268,-415,-323,-401,-382,-510,-512,-476,-470,-29986,-29987,-29991,-29992]} 1. e4 e6 2. d4 d5 3. e5 c5 4. c3 Qb6 5. Nf3 Nc6 6. a3 {[%cal Ba2a3,Ba3a4,Ba4a5][%mdl 32]} f6 7. b4 c4 {C02: French: Advance Variation} 8. a4 {LiveBook: 3 Games} (8. Bf4 Nge7 9. h4 fxe5 10. dxe5 a5 11. Nbd2 axb4 12. axb4 Rxa1 13. Qxa1 Ng6 14. Bg3 Qc7 15. b5 Ncxe5 16. Nxe5 Nxe5 {0-1 (41) Shirov,A (2685)-Bluebaum,M (2605) Karlsruhe 2016}) 8... fxe5 9. Nxe5 $146 ({Predecessor:} 9. dxe5 Qc7 10. Bf4 Nge7 11. Nbd2 Ng6 12. Bg3 Ncxe5 13. Nxe5 {1-0 (13) Di Nicolantonio,L (2393)-Le Corre,B (2323) Vaujany 2016}) 9... Nf6 (9... Nxe5 $11 10. dxe5 a5) 10. f4 $14 {[%cal Bf2f4,Bf4e5][%mdl 32]} Bd6 11. Be2 O-O 12. Bf3 Nd7 {[%cal Rd7e5]} 13. a5 Qc7 14. O-O Ndxe5 15. fxe5 Be7 16. Na3 a6 17. Be3 Bd7 {[%cal Bc8d7,Bd7e8,Be8g6,Bg6d3][%mdl 32]} 18. Qd2 Be8 19. Bg4 Rxf1+ 20. Rxf1 Qd7 21. Bg5 Bg6 22. Bxe7 Qxe7 23. h4 {[%cal Bh2h4,Bh4h5][%mdl 32]} Rf8 24. Rxf8+ Kxf8 25. h5 Bd3 26. Nc2 Qf7 27. Ne3 Na7 28. g3 Nb5 29. Ng2 ({Better is} 29. Qe1 $11) 29... Qf1+ $1 $17 30. Kh2 {Threatening Qg5.} Be4 {Hoping for ...Nxc3!} 31. Bxe6 $2 {[#]} (31. h6 g6 32. Qf4+ Qxf4 33. Nxf4 Nxc3 34. Nxe6+ Ke7 35. Ng5) 31... Nxc3 $1 $19 {[%mdl 512] ( -> ...Ne2)} 32. Qf4+ (32. Qxc3 Qxg2#) 32... Qxf4 33. Nxf4 {[%mdl 4096] Endgame KBN-KBN} Nb5 34. Ne2 (34. Bxd5 $142 Bxd5 35. Nxd5) 34... c3 35. Bd7 {[#] Strongly threatening Bxb5.} Bf3 $1 {[%csl LRe2,LRh5][%cal Rf3e2]} ({Less strong is} 35... c2 36. Bxb5 axb5 37. Nc1 $11) 36. Nc1 Nxd4 37. Bc8 Ne2 38. Bxb7 (38. Nb3 $19 d4 39. Bf5) 38... Nxc1 39. b5 Ne2 {Precision: White = 45%, Black = 79%.} 0-1